| 000 | 00463 a2200169 4500 | ||
|---|---|---|---|
| 001 | 76736 | ||
| 020 | _a9780201316896 | ||
| 082 |
_a330 MIL _bCD |
||
| 090 |
_c39255 _d39255 |
||
| 100 | _aRoger Leroy Miller | ||
| 245 |
_aEconomics Today With CD _cRoger Leroy Miller _b1999-2000 version for windows |
||
| 250 | _a1999-2000 | ||
| 260 |
_aNew York _bAddison wesley _c2000 |
||
| 300 |
_axxxiv 791 A-20 G-16 xviii p _ewith CD |
||
| 500 | _aCD/DVD | ||
| 505 | _aCD/DVD | ||
| 942 |
_aNUST-CAE _k330 MIL |
||
| 999 |
_c311809 _d311809 |
||